Poultry processing equipment big dutchman - barker

সংরক্ষণ করুন:
গ্রন্থ-পঞ্জীর বিবরন
বিন্যাস: গ্রন্থ
ভাষা:Undetermined
প্রকাশিত: Michigan Big Dutchman 1965
বিষয়গুলি:
ট্যাগগুলো: ট্যাগ যুক্ত করুন
কোনো ট্যাগ নেই, প্রথমজন হিসাবে ট্যাগ করুন!
Thư viện lưu trữ: Trung tâm Học liệu Trường Đại học Cần Thơ
LEADER 00445nam a2200157Ia 4500
001 CTU_23473
008 210402s9999 xx 000 0 und d
082 |a 683.88 
082 |b B576 
245 0 |a Poultry processing equipment big dutchman - barker 
260 |a Michigan 
260 |b Big Dutchman 
260 |c 1965 
650 |a Machine design,Thiết kế máy 
904 |i Truc 
980 |a Trung tâm Học liệu Trường Đại học Cần Thơ